3 plus grandes villes de chaque province de Chine - Statistiques

Statistiques générales
  • Ce quiz a été pris 63 fois
  • Le résultat moyen est 27 sur 89
Statistiques - réponses
Group Hint Réponse % Correct
Shanghai 24 238 000 Shanghai
96%
Hong Kong 7 451 000 Hong Kong
91%
Pékin 21 542 000 Pékin
91%
Hubei 7 541 527 Wuhan
91%
Chongqing 7 919 600 Chongqing
84%
Tianjin 15 620 000 Tianjin
84%
Guangdong 13 233 500 Guangzhou
82%
Macao 631 636 Macao
82%
Xinjiang 2 853 398 Ürümqi
80%
Sichuan 9 177 000 Chengdu
76%
Guangdong 13 374 300 Shenzhen
76%
Shaanxi 5 403 052 Xi'an
76%
Heilongjiang 4 596 313 Harbin
73%
Fujian 3 662 000 Xiamen
73%
Anhui 4 020 000 Hefei
67%
Hunan 4 015 700 Changsha
64%
Jiangsu 6 500 000 Nankin
64%
Shandong 5 500 000 Qingdao
64%
Zhejiang 7 470 000 Hangzhou
62%
Fujian 3 534 500 Fuzhou
58%
Yunnan 3 890 000 Kunming
58%
Tibet 220 252 Lhassa
58%
Henan 4 459 300 Zhengzhou
58%
Liaoning 5 718 232 Shenyang
56%
Liaoning 3 902 467 Dalian
53%
Guangxi 3 370 000 Nanning
53%
Shandong 4 460 000 Jinan
51%
Jiangsu 4 540 000 Suzhou
47%
Jilin 3 411 209 Changchun
42%
Zhejiang 3 130 000 Ningbo
42%
Hebei 3 095 219 Shijiazhuang
40%
Jilin 1 469 722 Jilin
38%
Shanxi 3 378 731 Taiyuan
38%
Gansu 2 690 000 Lanzhou
36%
Jiangxi 3 250 000 Nanchang
33%
Zhejiang 2 930 000 Wenzhou
33%
Guangdong 7 795 800 Dongguan
31%
Hainan 1 833 900 Haikou
31%
Mongolie-Intérieure 1 497 110 Hohhot
31%
Guizhou 2 520 061 Guiyang
29%
Jiangsu 3 090 000 Wuxi
29%
Shandong 2 660 000 Zibo
24%
Guangxi 1 330 000 Guilin
18%
Hainan 596 700 Sanya
16%
Qinghai 1 153 417 Xining
16%
Ningxia 1 286 700 Yinchuan
16%
Liaoning 1 504 996 Anshan
13%
Mongolie-Intérieure 1 900 373 Baotou
13%
Heilongjiang 1 033 174 Qiqihar
13%
Henan 1 892 500 Luoyang
11%
Sichuan 1 169 000 Nanchong
11%
Hebei 2 128 191 Tangshan
11%
Shaanxi 871 940 Baoji
9%
Qinghai 144 484 Datong
9%
Shanxi 1 625 868 Datong
9%
Guangxi 1 960 000 Liuzhou
9%
Sichuan 1 100 000 Luzhou
9%
Guizhou 995 311 Zunyi
9%
Hebei 1 257 843 Baoding
7%
Heilongjiang 1 433 698 Daqing
7%
Jiangxi 1 440 000 Ganzhou
7%
Hunan 1 285 100 Hengyang
7%
Anhui 1 540 000 Huainan
7%
Chongqing 1 101 800 Wanzhou
7%
Anhui 1 430 000 Wuhu
7%
Mongolie-Intérieure 902 285 Chifeng
4%
Henan 1 212 500 Nanyang
4%
Hubei 1 433 057 Xiangyang
4%
Shaanxi 835 648 Xianyang
4%
Hubei 1 049 363 Yichang
4%
Hunan 1 302 800 Zhuzhou
4%
Chongqing 968 600 Hechuan
2%
Jiangxi 950 000 Jiujiang
2%
Jilin 509 107 Siping
2%
Gansu 510 000 Wuwei
2%
Tibet 44 028 Chamdo
0%
Shanxi 870 429 Changzhi
0%
Hainan 471 500 Danzhou
0%
Qinghai 186 341 Golmud
0%
Fujian 1 414 400 Jinjiang
0%
Xinjiang 425 182 Korla
0%
Guizhou 621 488 Liupanshui
0%
Yunnan 840 000 Qujing
0%
Ningxia 450 300 Shizuishan
0%
Gansu 830 000 Tianshui
0%
Ningxia 338 700 Wuzhong
0%
Tibet 63 967 Xigaze
0%
Yunnan 760 000 Xuanwei
0%
Xinjiang 368 813 Yining
0%
Aucun quiz correspondant
Distribution des résultats
% des personnes avec chaque résultat
Percentile par nombre de réponses
Votre historique - résultats
Vous n’avez pas pris ce quiz